A gimnáziumok sorrendje a felvettek aránya szerint. Igazgatók a lista éléről
Elmentve itt :
| Dokumentumtípus: | Cikk |
|---|---|
| Megjelent: |
1992-01-08
|
| Sorozat: | Délmagyarország
82 No. 6 |
| Kulcsszavak: | Gyakorló gimnázium, Kánitz József |
| Online Access: | http://dmarchiv.bibl.u-szeged.hu/81987 |
| LEADER | 00473nab a2200145 i 4500 | ||
|---|---|---|---|
| 001 | delm81987 | ||
| 005 | 20191007140202.0 | ||
| 008 | 191007s1992 hu o 0|| hun d | ||
| 040 | |a SZTE Délmagyarország Archívum |b hun | ||
| 041 | |a hun | ||
| 245 | 0 | 2 | |a A gimnáziumok sorrendje a felvettek aránya szerint. Igazgatók a lista éléről |h [elektronikus dokumentum] |
| 260 | |c 1992-01-08 | ||
| 300 | |a 7 | ||
| 490 | 0 | |a Délmagyarország |v 82 No. 6 | |
| 695 | |a Gyakorló gimnázium, Kánitz József | ||